000 00506cam a22001817a 4500
008 180718b1999 xxu||||| |||| 00| 0 eng d
020 _a0631213090
082 _aI513 Ar39/99
100 _aArgyris, Chris
245 _aOn organizational learning
_cby Chris Argyris
250 _a2nd ed.
260 _aMalden
_bBlackwell
_c1999
300 _a464p.
650 _aOrganizational change
650 _aOrganizational effectiveness
650 _aOrganizational behavior
650 _aOrganizational learning
999 _c388893
_d388893